Largest US Cities with 4 or 5 Letters - Statistics

General Stats
  • This quiz has been taken 240 times
  • The average score is 12 of 21
Answer Stats
population # letters CITY state % Correct
441,083 5 Miami FL
98%
241,445 4 Reno NV
88%
369.075 5 Tampa FL
87%
218,281 5 Boise ID
86%
403,505 5 Tulsa OK
85%
443,885 5 Omaha NE
82%
471,825 4 Mesa AZ
77%
164,549 5 Salem OR
76%
118,523 5 Fargo ND
70%
197,542 5 Akron OH
69%
115,264 5 Provo UT
61%
132,356 4 Waco TX
59%
283,558 5 Plano TX
54%
175,826 5 Tempe AZ
51%
153,515 5 Macon GA
50%
159,769 4 Cary NC
41%
126,952 4 Kent WA
26%
112,111 5 Elgin IL
18%
103,700 5 Tyler TX
16%
100,882 5 Davie FL
6%
100,890 5 Vista CA
5%
No matching quizzes found
Score Distribution
Percent of People with Each Score
Percentile by Number Answered
Your Score History
You have not taken this quiz